<?xml version="1.0" encoding="UTF-8"?><?xml-stylesheet type="text/xsl" href="static/style.xsl"?><OAI-PMH xmlns="http://www.openarchives.org/OAI/2.0/" xmlns:xsi="http://www.w3.org/2001/XMLSchema-instance" xsi:schemaLocation="http://www.openarchives.org/OAI/2.0/ http://www.openarchives.org/OAI/2.0/OAI-PMH.xsd"><responseDate>2026-06-01T02:41:21Z</responseDate><request verb="GetRecord" identifier="oai:riuma.uma.es:10630/14593" metadataPrefix="marc">https://riuma.uma.es/rest/oai/request</request><GetRecord><record><header><identifier>oai:riuma.uma.es:10630/14593</identifier><datestamp>2026-02-03T12:38:59Z</datestamp><setSpec>com_10630_2254</setSpec><setSpec>col_10630_37957</setSpec></header><metadata><record xmlns="http://www.loc.gov/MARC21/slim" xmlns:dcterms="http://purl.org/dc/terms/" xmlns:doc="http://www.lyncode.com/xoai" xmlns:xsi="http://www.w3.org/2001/XMLSchema-instance" xsi:schemaLocation="http://www.loc.gov/MARC21/slim http://www.loc.gov/standards/marcxml/schema/MARC21slim.xsd">
   <leader>00925njm 22002777a 4500</leader>
   <datafield ind2=" " ind1=" " tag="042">
      <subfield code="a">dc</subfield>
   </datafield>
   <datafield ind2=" " ind1=" " tag="720">
      <subfield code="a">Padilla-Delange, Mario</subfield>
      <subfield code="e">author</subfield>
   </datafield>
   <datafield ind2=" " ind1=" " tag="260">
      <subfield code="c">2015</subfield>
   </datafield>
   <datafield ind2=" " ind1=" " tag="520">
      <subfield code="a">La finalidad de la presente tesis es la de reducir los errores que aparecen&#xd;
durante la realización de la audiometría tonal liminar así como reducir el tiempo&#xd;
necesario para su realización, evitando los efectos de la transmisión&#xd;
transcraneal del sonido, estableciéndose toda una metodología nueva para su&#xd;
realización. Dicha metodología se basa en la utilización del batimiento,&#xd;
fenómeno que se produce al sumarse dos sonidos de similar frecuencia&#xd;
generándose un sonido modulado a una frecuencia que es la diferencia entre&#xd;
las frecuencias de ambos sonidos. Este fenómeno físico es utilizado&#xd;
habitualmente para el afinamiento de instrumentos musicales debido a su&#xd;
mayor precisión e igualmente puede ser percibido por un paciente, incluso&#xd;
cuando en el oído contra-lateral se oiga un tono no modulado, al igual que se&#xd;
percibe un tono puro en un oído enmascarando el contra lateral con ruido. Se&#xd;
analizan los métodos utilizados para la audiometría y los factores que influyen&#xd;
en ella. Esta nueva metodología requeriría la utilización de audiómetros que&#xd;
generen tonos puros con una pequeña diferencia de frecuencia (medida en Hz)&#xd;
entre el vibrador óseo y el auricular.</subfield>
   </datafield>
   <datafield ind1="8" ind2=" " tag="024">
      <subfield code="a">http://hdl.handle.net/10630/14593</subfield>
   </datafield>
   <datafield tag="653" ind2=" " ind1=" ">
      <subfield code="a">Audiometría</subfield>
   </datafield>
   <datafield ind2="0" ind1="0" tag="245">
      <subfield code="a">Validación de una nueva metodología acústica para audiometría tonal liminar</subfield>
   </datafield>
</record>
</metadata></record></GetRecord></OAI-PMH>